[Event "I Open A"]
[Site "Padova ITA"]
[Date "1998.12.12"]
[Round "2"]
[White "Ljubisavljevic, Zivojin Z."]
[Black "Ortega, Lexy"]
[Result "1/2-1/2"]
[WhiteElo "2290"]
[BlackElo "2490"]
[PlyCount "121"]
[EventDate "1998.12.11"]

1.e4 c5 2.Nc3 e6 3.f4 d5 4.Bb5+ Nc6 5.Bxc6+ bxc6 6.d3 Ba6 7.Nf3 c4 8.dxc4 
Bxc4 9.Ne5 Ba6 10.Nxc6 Qb6 11.exd5 Nf6 12.Qf3 Rc8 13.Bd2 exd5 14.Ne5 d4 
15.Na4 Qb5 16.b3 Rxc2 17.Kd1 Rxd2+ 18.Kxd2 Bb4+ 19.Kd1 O-O 20.Rc1 Nd5 21.
Kc2 Ba3 22.Kb1 Bxc1 23.Rxc1 Ne3 24.Nc5 Bc8 25.Nc6 Bf5+ 26.Kb2 Nc2 27.Ne7+ 
Kh8 28.Nxf5 Qxc5 29.Qd3 Qa3+ 30.Kb1 Qxa2+ 31.Kxa2 Nb4+ 32.Ka3 Nxd3 33.Rd1 
Nxf4 34.Rxd4 Nxg2 35.Rd7 a6 36.Ra7 g6 37.Nd4 Rd8 38.Nf3 f5 39.Ng5 Rd1 40.
Nxh7 Kg8 41.Nf6+ Kf8 42.Kb4 f4 43.Nh7+ Ke8 44.Rxa6 f3 45.Rf6 Ne1 46.Kc3 
Ke7 47.Rf4 Ke6 48.Rf8 Ke5 49.Ng5 Rd3+ 50.Kc4 Rd4+ 51.Kc3 Rf4 52.Re8+ Kf5 
53.Rxe1 Kxg5 54.Kd2 Rb4 55.Re3 Kf4 56.Rc3 Rd4+ 57.Ke1 Re4+ 58.Kf1 Re2 59.
Rc4+ Kf5 60.h4 Rb2 61.b4 1/2-1/2

[Event "I Open A"]
[Site "Padova ITA"]
[Date "1998.12.12"]
[Round "2"]
[White "Popa, Florin"]
[Black "Astengo, Marcello"]
[Result "1-0"]
[WhiteElo "2215"]
[BlackElo "2040"]
[PlyCount "71"]
[EventDate "1998.12.11"]

1.e4 e6 2.d4 d5 3.Nd2 Nf6 4.e5 Nfd7 5.f4 c5 6.c3 Nc6 7.Ndf3 Qb6 8.Ne2 cxd4
9.cxd4 Bb4+ 10.Bd2 O-O 11.g3 f6 12.Bh3 fxe5 13.Bxe6+ Kh8 14.Bxb4 Qxb4+ 15.
Qd2 e4 16.Nh4 Nb6 17.Bxc8 Raxc8 18.b3 Qxd2+ 19.Kxd2 Nb4 20.Rhc1 Nd3 21.
Rxc8 Rxc8 22.Nf5 g6 23.Ne3 Kg7 24.Rf1 h6 25.f5 g5 26.Nc3 Rd8 27.f6+ Kf8 
28.Rf5 Nb4 29.Ng4 Nc6 30.Ke3 Nb4 31.Kd2 Nc6 32.Ne2 h5 33.Nh6 e3+ 34.Kd1 h4
35.Rxg5 hxg3 36.Rg8# 1-0

[Event "I Open A"]
[Site "Padova ITA"]
[Date "1998.12.12"]
[Round "2"]
[White "Rigo, Gianfrancesco"]
[Black "Genocchio, Daniele"]
[Result "0-1"]
[WhiteElo "2015"]
[BlackElo "2195"]
[PlyCount "56"]
[EventDate "1998.12.11"]

1.Nf3 c5 2.g3 g6 3.Bg2 Bg7 4.O-O Nc6 5.d3 Nf6 6.e4 O-O 7.Re1 Rb8 8.c3 d6 
9.a3 b5 10.b4 a5 11.bxc5 dxc5 12.Be3 Nd7 13.d4 a4 14.e5 cxd4 15.cxd4 Nb6 
16.Nc3 Nc4 17.Bf4 Bg4 18.e6 Nxd4 19.exf7+ Rxf7 20.Bxb8 Bxf3 21.Qd3 Ne2+ 
22.Nxe2 Qxd3 23.Rad1 Qxa3 24.Bh3 Rf8 25.Bf4 e5 26.Be6+ Kh8 27.Bc1 Qc5 28.
Rd7 Bg4 0-1

[Event "I Open A"]
[Site "Padova ITA"]
[Date "1998.12.12"]
[Round "2"]
[White "Rossato, Armando"]
[Black "Mrdja, Milan"]
[Result "0-1"]
[WhiteElo "1923"]
[BlackElo "2430"]
[PlyCount "82"]
[EventDate "1998.12.11"]

1.d4 Nf6 2.Nf3 g6 3.e3 Bg7 4.Nbd2 O-O 5.Bd3 d6 6.O-O Nfd7 7.e4 Nc6 8.c3 e5
9.Nb3 h6 10.Be3 b6 11.g4 Nf6 12.h3 h5 13.Nh2 hxg4 14.hxg4 d5 15.f3 Bb7 16.
Bg5 Qd7 17.Bb5 Nh7 18.Be3 a6 19.Ba4 Rad8 20.Qe2 exd4 21.Rad1 dxe4 22.cxd4 
exf3 23.Qf2 Qc8 24.Nc1 Nf6 25.Qh4 Qe6 26.Bf2 Ne4 27.d5 Rxd5 28.Bb3 Na5 29.
Bxd5 Bxd5 30.Nxf3 f6 31.Rfe1 c5 32.Nd3 g5 33.Qh3 Qc6 34.b4 Nc4 35.bxc5 
bxc5 36.Re2 Nc3 37.Re7 Bxf3 38.Nb4 Ne2+ 39.Rxe2 Qa4 40.Qxf3 Qxd1+ 41.Kg2 
cxb4 0-1

[Event "I Open A"]
[Site "Padova ITA"]
[Date "1998.12.12"]
[Round "2"]
[White "Rossi, Carlo"]
[Black "Efimov, Igor"]
[Result "0-1"]
[WhiteElo "2355"]
[BlackElo "2530"]
[PlyCount "80"]
[EventDate "1998.12.11"]

1.e4 c5 2.Nf3 e6 3.d3 d5 4.Nbd2 Nc6 5.c3 Nge7 6.g3 b6 7.Bg2 g6 8.O-O Bg7 
9.Re1 O-O 10.e5 a5 11.Nf1 a4 12.a3 Ba6 13.Qxa4 Bxd3 14.Qh4 Qc7 15.g4 Ra4 
16.b3 Ra7 17.Bh6 Rfa8 18.Bxg7 Kxg7 19.Qf6+ Kg8 20.Ng5 Nc8 21.Bxd5 exd5 22.
e6 Nd6 23.exf7+ Nxf7 24.Ne6 Qe5 25.Rxe5 Nfxe5 26.Nd2 Rf7 27.Qh4 h6 28.f4 
Re8 29.fxe5 Rxe6 30.Re1 c4 31.bxc4 dxc4 32.Qxh6 Nxe5 33.Qg5 Rfe7 34.Kg2 
Kf8 35.Qh6+ Ke8 36.Qh8+ Kd7 37.Ne4 Nxg4 38.Qd4+ Kc7 39.Nd6 Rxe1 40.Nb5+ 
Kc6 0-1

[Event "I Open A"]
[Site "Padova ITA"]
[Date "1998.12.12"]
[Round "2"]
[White "Timoscenko, Gennadij A."]
[Black "Corvi, Marco"]
[Result "1-0"]
[WhiteElo "2470"]
[BlackElo "2305"]
[PlyCount "123"]
[EventDate "1998.12.11"]

1.d4 f5 2.e4 fxe4 3.Nc3 Nf6 4.Bg5 Nc6 5.d5 Ne5 6.Qe2 Nf7 7.h4 c6 8.O-O-O 
cxd5 9.Nxd5 e6 10.Nc3 Qa5 11.Kb1 Be7 12.Nxe4 d5 13.Bd2 Qc7 14.Ng5 Nxg5 15.
Bxg5 O-O 16.Nf3 Ne4 17.Bxe7 Qxe7 18.Qe3 Qc5 19.Rd4 Nxf2 20.Qxf2 e5 21.Rd2 
Qxf2 22.Rxf2 e4 23.Be2 Bg4 24.Rd1 exf3 25.Bxf3 Bxf3 26.Rxf3 Rxf3 27.gxf3 
Re8 28.Kc1 Re5 29.Rd4 Kf7 30.Kd2 Ke6 31.Ra4 a6 32.Rb4 b5 33.a4 Rh5 34.axb5
axb5 35.Ke3 Kd6 36.c3 g6 37.Rf4 Ke5 38.b3 h6 39.Rg4 Kf6 40.Rb4 Ke6 41.Kf2 
Kd6 42.Rxb5 Rxh4 43.Rb6+ Ke5 44.Rxg6 Rh2+ 45.Kg3 Rh1 46.Rc6 Rg1+ 47.Kf2 
Rb1 48.b4 Kf4 49.Rf6+ Kg5 50.Rd6 Kf4 51.Rxd5 Rb2+ 52.Ke1 Kxf3 53.Kd1 Ke3 
54.Kc1 Rg2 55.b5 h5 56.Rxh5 Kd3 57.Rc5 Rh2 58.b6 Rh6 59.b7 Rb6 60.Rc7 Rb3 
61.c4 Kc3 62.c5 1-0

[Event "I Open A"]
[Site "Padova ITA"]
[Date "1998.12.12"]
[Round "2"]
[White "Tomescu, Vlad"]
[Black "Khenkin, Igor"]
[Result "0-1"]
[WhiteElo "2425"]
[BlackElo "2600"]
[PlyCount "64"]
[EventDate "1998.12.11"]

1.e4 c6 2.d4 d5 3.exd5 cxd5 4.c4 Nf6 5.Nc3 e6 6.Nf3 Bb4 7.cxd5 Nxd5 8.Bd2 
Nc6 9.Bd3 Be7 10.O-O O-O 11.a3 Nf6 12.Be3 b6 13.Rc1 Bb7 14.h3 Rc8 15.Bb1 
Na5 16.Ne5 Nc4 17.Nxc4 Rxc4 18.Qd3 Rc8 19.Rfd1 Qd7 20.Bg5 g6 21.Qg3 Rfd8 
22.Qh4 Nd5 23.Ne4 Bxg5 24.Nxg5 Nf6 25.Ba2 Kg7 26.Rxc8 Rxc8 27.Qf4 Rc2 28.
Qe5 h6 29.h4 Bd5 30.Bb1 Rxb2 31.Rc1 Qb5 32.Bc2 Rxc2 0-1

[Event "I Open A"]
[Site "Padova ITA"]
[Date "1998.12.13"]
[Round "3"]
[White "Astengo, Marcello"]
[Black "Bianchi, Andrea"]
[Result "0-1"]
[WhiteElo "2040"]
[BlackElo "2145"]
[PlyCount "80"]
[EventDate "1998.12.11"]

1.d4 d5 2.Nf3 Nf6 3.Bf4 e6 4.e3 c5 5.c3 Bd6 6.Ne5 Qc7 7.Na3 a6 8.Qa4+ Bd7 
9.Nxd7 Qxd7 10.Nb5 Bxf4 11.exf4 O-O 12.dxc5 Qc6 13.Qa3 Nbd7 14.Nd4 Qxc5 
15.Qxc5 Nxc5 16.Be2 Rac8 17.O-O Na4 18.Rab1 b5 19.Bd1 Nb6 20.Re1 g6 21.g4 
Rfe8 22.g5 Ne4 23.Re2 Rc7 24.Bc2 Nd6 25.Rbe1 Rec8 26.h4 Ndc4 27.h5 Nxb2 
28.hxg6 hxg6 29.Bxg6 N2a4 30.Bh5 Nxc3 31.Re3 Rc4 32.Nxe6 d4 33.Nxd4 Rxd4 
34.f5 Nbd5 35.Rg3 Rh4 36.Bf3 Nf4 37.Bb7 Nfe2+ 38.Kg2 Rb8 39.Bxa6 Nxg3 40.
fxg3 Ra4 0-1

[Event "I Open A"]
[Site "Padova ITA"]
[Date "1998.12.13"]
[Round "3"]
[White "Battagin, Mose'"]
[Black "Danieli, Enrico"]
[Result "0-1"]
[WhiteElo "1897"]
[BlackElo "2070"]
[PlyCount "94"]
[EventDate "1998.12.11"]

1.d4 Nf6 2.c4 e6 3.Nc3 b6 4.Nf3 Bb4 5.Bg5 h6 6.Bh4 Bb7 7.e3 d6 8.Qa4+ Nc6 
9.d5 Qd7 10.dxc6 Bxc3+ 11.bxc3 Bxc6 12.Qc2 g5 13.Bg3 O-O-O 14.Nd4 Bb7 15.
O-O-O Rdg8 16.h4 g4 17.Nb5 a6 18.Be5 Be4 19.Qe2 Qe7 20.Bxf6 Qxf6 21.Nd4 c5
22.f3 gxf3 23.gxf3 Bh7 24.e4 cxd4 25.cxd4 Rg3 26.Rh3 Rxh3 27.Bxh3 Qxh4 28.
Bf1 Kd7 29.c5 b5 30.a4 Qf4+ 31.Kb2 Rb8 32.Ka2 f5 33.axb5 axb5 34.Qg2 Qg5 
35.Qh2 f4 36.Qb2 b4 37.Qb3 Ra8+ 38.Kb2 Qh4 39.Rd2 Qe1 40.Bb5+ Kd8 41.Rd1 
Qf2+ 42.Kb1 d5 43.Bc6 Ra3 44.Qxb4 Qa2+ 45.Kc1 Rb3 46.Qb6+ Rxb6 47.cxb6 
Qc4+ 0-1

[Event "I Open A"]
[Site "Padova ITA"]
[Date "1998.12.13"]
[Round "3"]
[White "Bracaglia, Carlo"]
[Black "Rossato, Armando"]
[Result "1/2-1/2"]
[WhiteElo "2135"]
[BlackElo "1923"]
[PlyCount "106"]
[EventDate "1998.12.11"]

1.e4 c5 2.Nf3 Nc6 3.d4 cxd4 4.Nxd4 e5 5.Nb5 d6 6.N1c3 a6 7.Na3 b5 8.Nd5 
Nf6 9.Bg5 Be7 10.Bxf6 gxf6 11.c3 f5 12.exf5 Bxf5 13.Qf3 Be6 14.Bd3 O-O 15.
g4 Bh4 16.Rg1 Qg5 17.Rg2 Bxd5 18.Qxd5 Ne7 19.Qe4 Ng6 20.Nc2 d5 21.Qf5 e4 
22.Qxg5 Bxg5 23.Be2 Nf4 24.Rg1 Rfe8 25.Ne3 b4 26.cxb4 d4 27.Nf5 d3 28.Bf1 
Rec8 29.h4 Bf6 30.Nd6 Rc2 31.Nxe4 Bxb2 32.Rb1 d2+ 33.Nxd2 Bc3 34.Rg3 Bxd2+
35.Kd1 Rxa2 36.Bc4 Rd8 37.Bxa2 Bxb4+ 38.Kc2 Rd2+ 39.Kb3 Rxf2 40.Kxb4 Rxa2 
41.Rd1 Rb2+ 42.Ka3 Rh2 43.h5 Ne6 44.Kb4 Kg7 45.Ra1 h6 46.Rxa6 Rb2+ 47.Kc3 
Rf2 48.Ra5 Ng5 49.Kd3 Rb2 50.Rg1 Rb3+ 51.Kc4 Rf3 52.Ra6 Rf4+ 53.Kd3 Rb4 
1/2-1/2

[Event "I Open A"]
[Site "Padova ITA"]
[Date "1998.12.13"]
[Round "3"]
[White "Corvi, Marco"]
[Black "Cacco, Christian"]
[Result "0-1"]
[WhiteElo "2305"]
[BlackElo "2190"]
[PlyCount "113"]
[EventDate "1998.12.11"]

1.c4 g6 2.Nc3 Bg7 3.g3 c6 4.Bg2 e5 5.e4 Ne7 6.Nge2 O-O 7.O-O f5 8.d4 d6 9.
Bg5 Qc7 10.Rc1 h6 11.Be3 Nd7 12.c5 dxc5 13.dxc5 f4 14.gxf4 exf4 15.Nxf4 
Rxf4 16.Qd6 Qxd6 17.cxd6 Rf7 18.dxe7 Rxe7 19.Rcd1 Nf6 20.Bc5 Re8 21.f4 Be6
22.e5 Nd7 23.Be3 Nb6 24.Be4 Bf7 25.Bxb6 axb6 26.Rd7 Rab8 27.a3 Bc4 28.Rf2 
g5 29.Rg2 Rf8 30.h4 Rxf4 31.Bd3 Bxd3 32.Rxd3 Rxh4 33.Re2 Re8 34.e6 Rd4 35.
Rf3 Rd6 36.Rf7 Rdxe6 37.Rxe6 Kxf7 38.Rd6 Bxc3 39.bxc3 Re6 40.Rd7+ Re7 41.
Rd6 Kg7 42.Kf2 h5 43.Kf3 b5 44.Kf2 Kf8 45.Rh6 h4 46.Kf3 Rg7 47.Kg4 Ke7 48.
Rh8 Kd7 49.Rh6 Kc7 50.Re6 Kb6 51.Re5 c5 52.Rf5 c4 53.Rf8 Rh7 54.Kh3 g4+ 
55.Kh2 g3+ 56.Kh3 Rg7 57.Rf1 0-1

[Event "I Open A"]
[Site "Padova ITA"]
[Date "1998.12.13"]
[Round "3"]
[White "De Bortoli, Peter"]
[Black "Caruso, Augusto"]
[Result "0-1"]
[WhiteElo "2215"]
[BlackElo "2285"]
[PlyCount "91"]
[EventDate "1998.12.11"]

1.e4 e6 2.Nf3 d5 3.Nc3 Nf6 4.e5 Nfd7 5.g3 c5 6.d3 Nc6 7.Bf4 Be7 8.h4 Qb6 
9.Rb1 Qc7 10.Bh3 Ndxe5 11.Nxe5 Nxe5 12.Qh5 Bd6 13.O-O Bd7 14.Rfe1 Ng6 15.
Nxd5 Qb8 16.Bxd6 Qxd6 17.Nc3 Bc6 18.Ne4 Qd5 19.Qxd5 Bxd5 20.h5 Nf8 21.b4 
cxb4 22.Nd6+ Ke7 23.Nf5+ Kd8 24.Rxb4 Nd7 25.c4 exf5 26.cxd5 b6 27.d6 Re8 
28.Rxe8+ Kxe8 29.Bxf5 Nf6 30.d7+ Ke7 31.Rc4 Rd8 32.Rc7 Nxh5 33.Rxa7 g6 34.
Bg4 Nf6 35.Bh3 Nxd7 36.Rb7 f5 37.Bg2 Kd6 38.d4 Rc8 39.f4 Rc1+ 40.Kh2 Rc4 
41.Bf1 Rxd4 42.Bb5 Rd2+ 43.Kh3 Nf6 44.Rxb6+ Ke7 45.Rb7+ Kf8 46.Bc4 0-1

[Event "I Open A"]
[Site "Padova ITA"]
[Date "1998.12.13"]
[Round "3"]
[White "Genocchio, Daniele"]
[Black "Rossi, Carlo"]
[Result "0-1"]
[WhiteElo "2195"]
[BlackElo "2355"]
[PlyCount "46"]
[EventDate "1998.12.11"]

1.e4 c6 2.d4 d5 3.Nc3 g6 4.Bg5 dxe4 5.Nxe4 Qd5 6.Qe2 Bf5 7.Nc3 Qxd4 8.Nf3 
Qb4 9.O-O-O Bg7 10.Ne5 f6 11.a3 Qc5 12.Nc4 Bg4 13.Nd6+ Qxd6 14.Qxg4 Qc7 
15.Qe6 fxg5 16.Bc4 Qf4+ 17.Rd2 Qf5 18.Qe2 Be5 19.Kb1 Nd7 20.g4 Qf4 21.Rhd1
Ngf6 22.Be6 Nc5 23.Re1 Nxe6 0-1

[Event "I Open A"]
[Site "Padova ITA"]
[Date "1998.12.13"]
[Round "3"]
[White "Khenkin, Igor"]
[Black "Godena, Michele"]
[Result "1-0"]
[WhiteElo "2600"]
[BlackElo "2510"]
[PlyCount "77"]
[EventDate "1998.12.11"]

1.d4 Nf6 2.c4 e6 3.Nf3 d5 4.e3 a6 5.Nc3 c5 6.cxd5 exd5 7.Be2 Nc6 8.O-O Bd6
9.dxc5 Bxc5 10.b3 O-O 11.Bb2 Ba7 12.Rc1 d4 13.exd4 Nxd4 14.Nxd4 Bxd4 15.
Bf3 Rb8 16.Ba3 Re8 17.Nd5 Nxd5 18.Qxd4 Be6 19.Rfd1 Qa5 20.Bb2 Nf6 21.Rc5 
Qb6 22.Rd5 Qxd4 23.R5xd4 Rbc8 24.h3 Rc2 25.R1d2 Rxd2 26.Rxd2 b6 27.Rd6 Nd7
28.Bc6 Re7 29.Ba3 h6 30.Rd2 Nc5 31.Rd8+ Kh7 32.Rb8 Rc7 33.Rxb6 Nd7 34.Rxa6
Nb8 35.Be4+ f5 36.Rxe6 fxe4 37.Rxe4 Rc2 38.Bd6 Nc6 39.Rc4 1-0

[Event "I Open A"]
[Site "Padova ITA"]
[Date "1998.12.13"]
[Round "3"]
[White "Manca, Federico"]
[Black "Ljubisavljevic, Zivojin Z."]
[Result "0-1"]
[WhiteElo "2380"]
[BlackElo "2290"]
[PlyCount "84"]
[EventDate "1998.12.11"]

1.e4 c5 2.Nf3 e6 3.d4 cxd4 4.Nxd4 a6 5.Bd3 Nc6 6.Be3 Nf6 7.Nc3 Qc7 8.O-O 
b5 9.Nxc6 dxc6 10.a4 b4 11.Nb1 c5 12.Nd2 Bb7 13.Qf3 Nd7 14.Nc4 Be7 15.a5 
O-O 16.Qh3 e5 17.f4 Rad8 18.Rae1 Bd6 19.b3 Kh8 20.Bc1 Nb8 21.f5 Be7 22.Qh5
Nd7 23.Bb2 Nf6 24.Qh3 Nd7 25.Rf3 Bg5 26.Qg3 Bf6 27.Qf2 Rfe8 28.Rh3 Bc6 29.
Bc1 Bb5 30.g4 g5 31.Rh5 Rg8 32.Kh1 Be7 33.h4 Nf6 34.Rxg5 Nxg4 35.Qf3 Nf6 
36.Bb2 Bxc4 37.Bxc4 h6 38.Rxg8+ Rxg8 39.Bxf7 Rg4 40.Rg1 Rxh4+ 41.Kg2 Bd6 
42.Kf1 Qxf7 0-1

[Event "I Open A"]
[Site "Padova ITA"]
[Date "1998.12.13"]
[Round "3"]
[White "Medancic, Rikard"]
[Black "Giacomini, Massimo"]
[Result "0-1"]
[WhiteElo "2330"]
[BlackElo "1914"]
[PlyCount "90"]
[EventDate "1998.12.11"]

1.d4 Nf6 2.c4 e6 3.Nf3 Bb4+ 4.Bd2 c5 5.g3 O-O 6.Bg2 d5 7.dxc5 Bxc5 8.O-O 
Nc6 9.cxd5 Nxd5 10.Nc3 a6 11.Rc1 Ba7 12.a3 Nce7 13.Qc2 Bd7 14.Ng5 f5 15.
Nxd5 Nxd5 16.e4 Rc8 17.Qb1 h6 18.exd5 hxg5 19.Rcd1 e5 20.Rfe1 e4 21.Be3 
Bb8 22.Rd2 Bd6 23.Qd1 f4 24.Bd4 f3 25.Bf1 Bf5 26.b4 Qe8 27.Qa1 Qg6 28.Be5 
Rfd8 29.Bxd6 Rxd6 30.Rc1 Rcd8 31.Rc7 b5 32.Qe5 Rc8 33.Rxc8+ Bxc8 34.Rc2 
Bf5 35.Rc7 Qf6 36.Qe8+ Qf8 37.Qh5 Rxd5 38.Qxg5 Rd1 39.g4 Be6 40.Qe5 Bxg4 
41.h3 Bxh3 42.Kh2 Bxf1 43.Qe6+ Kh8 44.Rc8 Rd8 45.Rc5 Qd6+ 0-1

[Event "I Open A"]
[Site "Padova ITA"]
[Date "1998.12.13"]
[Round "3"]
[White "Ortega, Lexy"]
[Black "Tomescu, Vlad"]
[Result "1-0"]
[WhiteElo "2490"]
[BlackElo "2425"]
[PlyCount "73"]
[EventDate "1998.12.11"]

1.d4 Nf6 2.Nf3 b5 3.Bf4 Bb7 4.e3 a6 5.Nbd2 e6 6.Bd3 c5 7.c3 Nc6 8.O-O d6 
9.e4 e5 10.Be3 Be7 11.h3 O-O 12.d5 Nb8 13.a4 c4 14.Be2 Nbd7 15.b3 Qc7 16.
bxc4 bxa4 17.Qxa4 Nc5 18.Bxc5 Qxc5 19.Nb3 Qc7 20.c5 dxc5 21.Na5 Bc8 22.Qc6
Qa7 23.d6 Bd8 24.Nxe5 Bxa5 25.Rxa5 Bb7 26.Qxc5 Qxc5 27.Rxc5 Nxe4 28.Rc7 
Nxd6 29.Rd1 Rac8 30.Rd7 Ne4 31.Rxb7 Nxc3 32.Re1 Rfe8 33.Bxa6 f6 34.Nf3 
Rxe1+ 35.Nxe1 Ne4 36.Re7 Nd6 37.Bxc8 1-0

[Event "I Open A"]
[Site "Padova ITA"]
[Date "1998.12.13"]
[Round "3"]
[White "Quinn, Mark Peter"]
[Black "Popa, Florin"]
[Result "1-0"]
[WhiteElo "2350"]
[BlackElo "2215"]
[PlyCount "59"]
[EventDate "1998.12.11"]

1.c4 e5 2.g3 c6 3.Bg2 d5 4.cxd5 cxd5 5.d4 e4 6.Nc3 Be6 7.Nh3 Nc6 8.O-O Qd7
9.Nf4 O-O-O 10.Qa4 h5 11.Nxe6 Qxe6 12.Bf4 a6 13.Rfc1 Bd6 14.Bxd6 Rxd6 15.
b4 Kb8 16.b5 Na7 17.bxa6 Rxa6 18.Qb3 Ne7 19.Na4 Rxa4 20.Qxa4 e3 21.Rab1 h4
22.Qb3 exf2+ 23.Kxf2 b5 24.Qc3 hxg3+ 25.Qxg3+ Ka8 26.e3 Rh5 27.Rb3 Nf5 28.
Qc7 Nd6 29.Qd8+ Ndc8 30.Ra3 1-0

[Event "I Open A"]
[Site "Padova ITA"]
[Date "1998.12.13"]
[Round "3"]
[White "Ruzzier, Dario"]
[Black "Rigo, Gianfrancesco"]
[Result "0-1"]
[WhiteElo "2090"]
[BlackElo "2015"]
[PlyCount "92"]
[EventDate "1998.12.11"]

1.d4 e6 2.c4 f5 3.Nc3 Nf6 4.g3 d5 5.Bg2 c6 6.Nf3 Bd6 7.O-O O-O 8.Qc2 Nbd7 
9.cxd5 cxd5 10.Nb5 Bb8 11.Bf4 Nh5 12.Bxb8 Rxb8 13.Nxa7 Qa5 14.Nxc8 Rbxc8 
15.Qb3 Qa6 16.e3 Nhf6 17.Rfc1 Ne4 18.Bf1 Qd6 19.Bb5 Ndf6 20.Ne5 Ng4 21.f3 
Nd2 22.Qd1 Nxe5 23.dxe5 Qb6 24.Qe2 Nxf3+ 25.Qxf3 Qxb5 26.Qf2 Qd3 27.a3 Qe4
28.Qf4 Qd3 29.Qd4 Qb3 30.Rc3 Rxc3 31.Qxc3 Qxc3 32.bxc3 Rc8 33.Rc1 Rc4 34.
Kf2 g5 35.Rb1 Rxc3 36.Rxb7 Rxa3 37.Rb6 Kf7 38.Rb7+ Kg6 39.Rb6 Ra2+ 40.Kg1 
Kf7 41.Rb7+ Kg6 42.Rb6 f4 43.gxf4 Kf5 44.fxg5 Kxe5 45.h4 Ra4 46.h5 Rg4+ 
0-1

[Event "I Open A"]
[Site "Padova ITA"]
[Date "1998.12.14"]
[Round "4"]
[White "Bianchi, Andrea"]
[Black "Manca, Federico"]
[Result "0-1"]
[WhiteElo "2145"]
[BlackElo "2380"]
[PlyCount "77"]
[EventDate "1998.12.11"]

1.e4 d6 2.d4 Nf6 3.Bd3 g6 4.c3 Bg7 5.Nf3 O-O 6.O-O Nc6 7.h3 e5 8.Re1 a5 9.
a4 h6 10.Na3 Kh7 11.Bb5 exd4 12.Nxd4 Ne7 13.Bd3 Nd7 14.Be3 b6 15.Bc2 Bb7 
16.f4 Nc5 17.Bf2 Qd7 18.f5 Nc6 19.Nxc6 Bxc6 20.Qg4 h5 21.Qg5 Bxa4 22.Bxc5 
Bxc2 23.Bd4 Bh6 24.Qh4 Bb3 25.g4 Rg8 26.Kf2 Qd8 27.f6 c5 28.Be3 g5 29.Qxh5
Qxf6+ 30.Kg3 Qe5+ 31.Kf3 Rae8 32.Bd2 Rg6 33.Re2 d5 34.h4 dxe4+ 35.Kg2 e3 
36.Bxe3 Qe4+ 37.Kf2 Rf6+ 38.Kg1 Qf3 39.hxg5 0-1

[Event "I Open A"]
[Site "Padova ITA"]
[Date "1998.12.14"]
[Round "4"]
[White "Caruso, Augusto"]
[Black "Cacco, Christian"]
[Result "0-1"]
[WhiteElo "2285"]
[BlackElo "2190"]
[PlyCount "120"]
[EventDate "1998.12.11"]

1.d4 Nf6 2.c4 g6 3.Nc3 Bg7 4.e4 d6 5.Nf3 O-O 6.Be2 e5 7.dxe5 dxe5 8.Qxd8 
Rxd8 9.Bg5 Re8 10.O-O-O c6 11.Ne1 Be6 12.Nc2 Nbd7 13.f3 a6 14.Kb1 Rec8 15.
Rd2 b5 16.Rhd1 h6 17.Bh4 Rab8 18.cxb5 axb5 19.Ne1 Nb6 20.Rc1 Nfd7 21.Rdc2 
Bf8 22.Nd1 Ra8 23.b3 Ra3 24.Bxb5 Bxb3 25.Rxc6 Bxa2+ 26.Kc2 Bb3+ 27.Kd2 
Ra2+ 28.Kc3 Rca8 29.Nc2 Ba3 30.Nxa3 R8xa3 31.Be7 Ba4+ 32.Bxa3 Rxa3+ 33.Kb2
Rb3+ 34.Ka2 Rxb5 35.Nc3 Ra5 36.Nxa4 Rxa4+ 37.Kb3 Rd4 38.R1c2 Kf8 39.Ra2 
Ke7 40.Ra7 Rd6 41.Rcc7 Rd2 42.Rc6 Kd8 43.Ra2 Rxa2 44.Kxa2 Na4 45.Kb3 Nac5+
46.Kc4 Ne6 47.Kd5 Ke7 48.g3 Nd4 49.Rc3 f6 50.Ra3 Ne6 51.Ra7 h5 52.f4 exf4 
53.gxf4 g5 54.e5 Nxf4+ 55.Kc6 Ke6 56.Rxd7 Kxe5 57.Kc5 h4 58.Kc4 g4 59.Kc3 
Ke4 60.Rh7 g3 0-1

[Event "I Open A"]
[Site "Padova ITA"]
[Date "1998.12.14"]
[Round "4"]
[White "Chatalbashev, Boris"]
[Black "Khenkin, Igor"]
[Result "0-1"]
[WhiteElo "2535"]
[BlackElo "2600"]
[PlyCount "103"]
[EventDate "1998.12.11"]

1.d4 d5 2.c4 c6 3.e3 Nf6 4.Nf3 Bf5 5.cxd5 cxd5 6.Qb3 Qc7 7.Bd2 e6 8.Bb5+ 
Nc6 9.Bb4 Bd6 10.Qa3 Ne4 11.Nbd2 O-O 12.Bxd6 Nxd6 13.Be2 Rfd8 14.O-O Qa5 
15.Qxa5 Nxa5 16.Rac1 Rac8 17.Nh4 Be4 18.f3 Bc2 19.g3 g5 20.Ng2 Bg6 21.Kf2 
f6 22.Rfd1 Kf7 23.Ne1 Ke7 24.Nd3 Nac4 25.Nxc4 dxc4 26.Nc5 b6 27.Na6 b5 28.
Nc5 e5 29.b3 exd4 30.exd4 cxb3 31.axb3 a5 32.Ra1 Ra8 33.Ra2 Ra7 34.d5 Rc8 
35.b4 Raa8 36.Rd4 a4 37.Bd3 Kf7 38.Bxg6+ hxg6 39.h4 Nf5 40.Rd3 gxh4 41.
gxh4 Rd8 42.Re2 Ra7 43.Re6 Nxh4 44.Rc6 a3 45.d6 a2 46.Rc7+ Rxc7 47.dxc7 
Rxd3 48.Nxd3 a1=Q 49.c8=Q Qa2+ 50.Kg3 Qg2+ 51.Kxh4 g5+ 52.Kh5 0-1

[Event "I Open A"]
[Site "Padova ITA"]
[Date "1998.12.14"]
[Round "4"]
[White "Danieli, Enrico"]
[Black "Corvi, Marco"]
[Result "1/2-1/2"]
[WhiteElo "2070"]
[BlackElo "2305"]
[PlyCount "95"]
[EventDate "1998.12.11"]

1.Nf3 f5 2.d3 d6 3.g3 Nf6 4.Bg2 e5 5.O-O Be7 6.c4 c5 7.Nc3 O-O 8.Rb1 Nc6 
9.Bg5 h6 10.Bxf6 Bxf6 11.Nd5 g5 12.b4 cxb4 13.Nxb4 Nxb4 14.Rxb4 Qc7 15.Nd2
Rb8 16.Bd5+ Kg7 17.Qb3 b6 18.Rb1 Bd8 19.a4 h5 20.a5 Rh8 21.axb6 Rxb6 22.
Rxb6 axb6 23.Ra1 h4 24.Qa3 hxg3 25.hxg3 Bb7 26.Bxb7 Qxb7 27.e4 Qc6 28.Qa8 
Qxa8 29.Rxa8 f4 30.g4 Kf7 31.Nb1 Ke8 32.Kg2 Kd7 33.Nc3 Kc6 34.Nb5 Kd7 35.
f3 Rf8 36.Ra7+ Kc6 37.Ra8 Be7 38.Rxf8 Bxf8 39.Kf2 Kc5 40.Ke2 Be7 41.Kd2 
Bd8 42.Kc3 Be7 43.Nc7 Bf6 44.Ne6+ Kc6 45.Nf8 Be7 46.Ne6 Bf6 47.Nf8 Be7 48.
Ne6 1/2-1/2

[Event "I Open A"]
[Site "Padova ITA"]
[Date "1998.12.14"]
[Round "4"]
[White "Giacomini, Massimo"]
[Black "Bracaglia, Carlo"]
[Result "1/2-1/2"]
[WhiteElo "1914"]
[BlackElo "2135"]
[PlyCount "66"]
[EventDate "1998.12.11"]

1.Nf3 Nf6 2.d4 e6 3.e3 c5 4.Bd3 b6 5.b3 Bb7 6.Nbd2 cxd4 7.exd4 Bb4 8.O-O 
Bc3 9.Rb1 Nc6 10.Ba3 d5 11.Bb5 a6 12.Bxc6+ Bxc6 13.h3 Bb5 14.Re1 Qc7 15.
Re3 a5 16.Bb2 Bxd2 17.Nxd2 O-O 18.c4 Bc6 19.Rc1 Qb7 20.Rg3 Rfc8 21.Qf3 Kh8
22.Qe3 h6 23.Rc3 b5 24.Rf3 Kh7 25.c5 b4 26.Rc2 Re8 27.Bc1 Qe7 28.Nf1 Ne4 
29.Ng3 f5 30.Re2 Rf8 31.Qf4 Ng5 32.Rfe3 Ne4 33.Rf3 Ng5 1/2-1/2

[Event "I Open A"]
[Site "Padova ITA"]
[Date "1998.12.14"]
[Round "4"]
[White "Godena, Michele"]
[Black "Mrdja, Milan"]
[Result "1/2-1/2"]
[WhiteElo "2510"]
[BlackElo "2430"]
[PlyCount "59"]
[EventDate "1998.12.11"]

1.e4 g6 2.d4 Bg7 3.c3 d6 4.Nf3 Nf6 5.Bd3 O-O 6.O-O Nc6 7.h3 e5 8.Re1 Nh5 
9.Be3 Nf4 10.Bxf4 exf4 11.Nbd2 g5 12.b4 h6 13.b5 Ne7 14.e5 d5 15.Nh2 Bf5 
16.Bxf5 Nxf5 17.Qg4 Qc8 18.Nb3 b6 19.a4 Qe6 20.Nc1 Rac8 21.a5 c5 22.bxc6 
Rxc6 23.axb6 axb6 24.Ne2 b5 25.Reb1 Rb8 26.Nf3 Rcb6 27.Kf1 b4 28.cxb4 Rxb4
29.Rxb4 Rxb4 30.Qh5 1/2-1/2

[Event "I Open A"]
[Site "Padova ITA"]
[Date "1998.12.14"]
[Round "4"]
[White "Ljubisavljevic, Zivojin Z."]
[Black "Efimov, Igor"]
[Result "1/2-1/2"]
[WhiteElo "2290"]
[BlackElo "2530"]
[PlyCount "102"]
[EventDate "1998.12.11"]

1.e4 c5 2.Nc3 e6 3.f4 a6 4.Nf3 b5 5.g3 Bb7 6.Qe2 Nc6 7.d3 Nd4 8.Nxd4 cxd4 
9.Nd1 Rc8 10.Bg2 Nf6 11.O-O d5 12.e5 Nd7 13.f5 exf5 14.e6 fxe6 15.Qxe6+ 
Qe7 16.Qxf5 g6 17.Qg4 Rxc2 18.Bg5 Qe2 19.Nf2 Qxg4 20.Nxg4 Bb4 21.a3 Bd2 
22.Rf2 Bxg5 23.Rxc2 Kd8 24.h4 Be7 25.Rf1 h5 26.Nh2 Ne5 27.Bh3 Rf8 28.Rxf8+
Bxf8 29.Rd2 Bc6 30.Kf2 b4 31.Nf3 Nxf3 32.Kxf3 bxa3 33.bxa3 a5 34.Rc2 Kc7 
35.Be6 Kb6 36.Bf7 Bxa3 37.Bxg6 Ba4 38.Rc8 Bd1+ 39.Kf4 Kb7 40.Rh8 Bd6+ 41.
Kg5 a4 42.Bf7 Bb3 43.Re8 Bxg3 44.Rd8 Kc7 45.Ra8 Kb7 46.Bxd5+ Bxd5 47.Rxa4 
Bf2 48.Kxh5 Kb6 49.Kg5 Kb5 50.Ra7 Kb4 51.h5 Kc3 1/2-1/2

[Event "I Open A"]
[Site "Padova ITA"]
[Date "1998.12.14"]
[Round "4"]
[White "Medancic, Rikard"]
[Black "Battagin, Mose'"]
[Result "1-0"]
[WhiteElo "2330"]
[BlackElo "1897"]
[PlyCount "85"]
[EventDate "1998.12.11"]

1.d4 f5 2.Bg5 g6 3.e3 Bg7 4.Bc4 c5 5.c3 cxd4 6.exd4 Nf6 7.Nd2 Qc7 8.Qe2 h6
9.Bxf6 Bxf6 10.Ngf3 Nc6 11.O-O b6 12.Rfe1 Rh7 13.Ne5 Nxe5 14.dxe5 Bg5 15.
Bd5 Bb7 16.Bxb7 Qxb7 17.Nf3 e6 18.a4 Kf8 19.Red1 Kg8 20.Rd4 Rf8 21.Rad1 
Bd8 22.Qb5 Rff7 23.Ne1 g5 24.Nc2 a6 25.Qe2 h5 26.Nb4 b5 27.axb5 axb5 28.
Nc2 f4 29.Rb4 f3 30.Qxb5 Qxb5 31.Rxb5 fxg2 32.Nd4 Rf8 33.Rb8 Bc7 34.Rxf8+ 
Kxf8 35.Re1 Rf7 36.Re4 h4 37.h3 Rf4 38.Rxf4+ gxf4 39.Nf3 d6 40.exd6 Bxd6 
41.Nxh4 e5 42.f3 Bc5+ 43.Kxg2 1-0

[Event "I Open A"]
[Site "Padova ITA"]
[Date "1998.12.14"]
[Round "4"]
[White "Popa, Florin"]
[Black "Genocchio, Daniele"]
[Result "1-0"]
[WhiteElo "2215"]
[BlackElo "2195"]
[PlyCount "73"]
[EventDate "1998.12.11"]

1.e4 Nc6 2.d4 d5 3.Nc3 Nf6 4.e5 Nd7 5.Nf3 Nb6 6.Be3 Bf5 7.Nh4 Be6 8.a4 Nb4
9.b3 a6 10.a5 Nd7 11.Ra4 c5 12.f4 b5 13.axb6 Nxb6 14.f5 Nxa4 15.Nxa4 cxd4 
16.Bxd4 Bd7 17.e6 Bxa4 18.bxa4 Qc7 19.c3 Qf4 20.exf7+ Kxf7 21.Nf3 Nc6 22.
Bd3 Nxd4 23.cxd4 Qe3+ 24.Qe2 Qxe2+ 25.Kxe2 Kf6 26.g4 e6 27.Rb1 Rd8 28.g5+ 
Ke7 29.Ne5 Ke8 30.Bxa6 Be7 31.Bb5+ Kf8 32.Nd7+ Kg8 33.f6 gxf6 34.gxf6 Bd6 
35.Rg1+ Kf7 36.Rg7+ Ke8 37.f7+ 1-0